=LDR 00000nam 2200000 4500 =001 INLIS000000000048064 =005 20160414115029.0 =006 =007 =008 =020 ##$$a 979-8681-52-5 =035 ##$$0010-041600000000045 =082 ##$$a 801.1 =090 ##$$a 801 kir r =100 ##$$a Kirjomulyo =245 ##$$a Romansa Perjalanan =260 ##$$a Yogyakarta $b Yay. untuk Indonesia $c 2001 =300 ##$$a xxxii, 262 hlm $c 18 cm =850 ##$$a BPNMAT =990 ##$$a 0001/BPAP-NTB/2016